Schaum's outlines : (رقم التسجيلة. 30405)

تفاصيل مارك
000 -الفاتح
حقل البيانات ثابتة الطول 01072cam a2200325 a 4500
001 - رقم الضبط
رقم الضبط 15641047
003 - محدد رقم الضبط
رقم الضبط OSt
005 - وقت وتاريخ اخر تعامل مع التسجيلة
رقم الضبط 20150408114137.0
008 - عناصر البيانات ثابتة الطول - معلومات عامة
حقل البيانات ثابتة الطول 090227s2009 nyua 001 0 eng
010 ## - رقم ضبط مكتبة الكونجرس
رقم ضبط مكتبة الكونجرس 2009007880
020 ## - الرقم الدولى المعيارى للكتب
الرقم الدولى المعيارى للكتاب 9780071625616 (alk. paper)
020 ## - الرقم الدولى المعيارى للكتب
الرقم الدولى المعيارى للكتاب 0071625615 (alk. paper)
035 ## - رقم ضبط النظام
رقم ضبط النظام (OCoLC)ocn312444810
040 ## - مصدر الفهرسة
وكالة الفهرسة الأصلية Ma-Un
050 00 - رقم طلب مكتبة الكونجرس
رقم التصنيف QH315.5
رقم المادة .F75 2009
082 00 - رقم تصنيف ديوى العشرى
رقم التصنيف 570
رقم الطبعة 22
100 1# - المدخل الرئيسى - إسم شخصى
الإسم الشخصى Fried, George,
التواريخ المصاحبة للاسم 1926-
9 (RLIN) 36701
245 10 - بيان العنوان
العنوان Schaum's outlines :
بقية العنوان biology /
بيان المسئوليه,etc George H. Fried, George J. Hademenos.
246 30 - العنوان الموازى
عنوان صحيح/عنوان مختصر Biology
250 ## - بيان الطبعة
بيان الطبعة 3rd ed.
260 ## - PUBLICATION, DISTRIBUTION, ETC. (IMPRINT)
مكان الناشر او الموزع New York :
اسم الناشر او الموزع McGraw-Hill,
تاريخ النشر أو التوزيع c2009.
300 ## - الوصف المادى
التعداد xii, 461 p. :
تفاصيل ماديه اخرى للوعاء ill. ;
أبعاد الوعاء 28 cm.
490 1# - بيان السلسلة
عنوان السلسلة Schaum's outlines series
500 ## - تبصرة عامة
تبصرة عامة Rev. ed. of: Schaum's outline of theory and problems of biology. 2nd ed. c1999.
500 ## - تبصرة عامة
تبصرة عامة Includes indexes.
650 #0 - المدخل الاضافى بالموضوع-مصطلح موضوعى
مصطلح موضوعي أو اسم جغرافي كعنصر مدخل Biology
التقسيم الفرعي الشكلي Outlines, syllabi, etc.
9 (RLIN) 36702
700 1# - المدخل الاضافى - اسم شخصى
الإسم الشخصى Hademenos, George J.
9 (RLIN) 4661
700 1# - المدخل الاضافى - اسم شخصى
الإسم الشخصى Fried, George,
التواريخ المصاحبة للاسم 1926-
عنوان العمل Schaum's outline of theory and problems of biology.
9 (RLIN) 36703
942 ## - عناصر المدخل الإضافي( كوها)
مصدر التصنيف او مخطط الترفيف Dewey Decimal Classification
Koha [default] item type كتاب
المقتنيات
حالة الفقد نموذج السعر الفعال حالة تلف ليس للاعارة رقم الطلب رقم النسخة تاريخ الاكتساب الموقع الحالي الباركود الفرع الرئيسي Date last seen نوع المادة فى نظام كوها مصدر التصنيف او خطة الترفيف Total Checkouts
  2013-08-24     570 FGS 1 2013-08-24 المكتبة المركزية بالمجمعة (CL) 00450910 المكتبة المركزية بالمجمعة (CL) 2013-08-24 كتاب Dewey Decimal Classification  
  2013-08-24     570 FGS 2 2013-08-24 المكتبة المركزية بالمجمعة (CL) 00450909 المكتبة المركزية بالمجمعة (CL) 2013-08-24 كتاب Dewey Decimal Classification  
  2013-08-24   Not For Loan 570 FGS 3 2013-08-24 المكتبة المركزية بالمجمعة (CL) 00450907 المكتبة المركزية بالمجمعة (CL) 2013-08-24 كتاب Dewey Decimal Classification  
  2013-08-21     570 FGS 1 2013-08-21 مكتبة مجمع الكليات بالزلفى - طلاب (SZM) 00450906 مكتبة مجمع الكليات بالزلفى - طلاب (SZM) 2013-08-21 كتاب Dewey Decimal Classification  
  2013-08-21     570 FGS 2 2013-08-21 مكتبة مجمع الكليات بالزلفى - طلاب (SZM) 00450905 مكتبة مجمع الكليات بالزلفى - طلاب (SZM) 2013-08-21 كتاب Dewey Decimal Classification  
  2013-08-21   Not For Loan 570 FGS 3 2013-08-21 مكتبة مجمع الكليات بالزلفى - طلاب (SZM) 00450908 مكتبة مجمع الكليات بالزلفى - طلاب (SZM) 2013-08-21 كتاب Dewey Decimal Classification